Statistiken für Hauptstädte der Österreichischen Bundesländer

Klicken Sie hier um das Quiz zu spielen!

Allgemein

  • Dieses Quiz wurde 221 mal gespielt
  • Das Durchschnittsergebnis liegt bei 8 aus 9

Antwortstatistiken

BundeslandHauptstadt% Korrekt
SalzburgSalzburg
99%
WienWien
99%
SteiermarkGraz
92%
TirolInnsbruck
92%
OberösterreichLinz
92%
KärntenKlagenfurt
83%
NiederösterreichSt. Pölten
79%
VorarlbergBregenz
77%
BurgenlandEisenstadt
72%

Verteilung der Resultate

Perzentil nach korrekt beantworteten Fragen

Anzahl Personen mit jedem Resultat

Ihre Resultats-Entwicklung

Sie haben dieses Quiz noch nicht gespielt